Can You Name All The Characteristics Of Shade From Brawl Stars? - Statistics

General Stats
  • This quiz has been taken 3 times
  • The average score is 8 of 16
Answer Stats
Hint Answer % Correct
Rarity Epic
100%
Class Assassin
67%
Title Ghosted
67%
Prestige Title Ghosting You
67%
Trio Ghost Station
67%
Gadgets Jump Scare
67%
Gadgets Longarms
67%
Buffies No
67%
Star Power Spooky Speedster
67%
Trait Water
67%
Star Power Hardened Hoodie
33%
Trait Radius
33%
Hypercharge The Frightener
33%
Attack Haunted Hug
0%
Super Incorporeal Form
0%
Voice Actor Martin Schjoler
0%
No matching quizzes found
Score Distribution
Percent of People with Each Score
Percentile by Number Answered
Your Score History
You have not taken this quiz